[Event "Medellin U2000 op"]
[Site "Medellin"]
[Date "2022.05.21"]
[Round "4"]
[White "Toro Ramirez, Samuel"]
[Black "Vargas, Juan Esteban"]
[Result "0-1"]
[WhiteElo "1467"]
[BlackElo "1707"]
[PlyCount "146"]
[EventDate "2022.05.18"]
[EventType "swiss"]
[EventRounds "7"]
[EventCountry "COL"]
[SourceTitle "CBM 208 Extra"]
[Source "ChessBase"]
[SourceDate "2022.07.31"]
[SourceVersion "1"]
[SourceVersionDate "2022.07.31"]
[SourceQuality "1"]

1. e4 c5 2. Nc3 d6 3. f4 Nc6 4. Nf3 Nf6 5. Bc4 g6 6. d3 Bg7 7. 0-0 Bd7 8. e5 Ng8 9. exd6 exd6 10. Ng5 Nh6 11. Re1+ Kf8 12. h3 Bd4+ 13. Be3 Kg7 14. Nf3 Bxe3+ 15. Rxe3 Nd4 16. Re1 Nxf3+ 17. Qxf3 Bc6 18. Bd5 Qb6 19. Bxc6 bxc6 20. Na4 Qb4 21. b3 Rhe8 22. c3 Qb5 23. c4 Qb4 24. Re4 Nf5 25. g4 Nd4 26. Qf2 d5 27. cxd5 cxd5 28. Re5 Rxe5 29. fxe5 Re8 30. Qf6+ Kg8 31. Rf1 Rf8 32. Qf2 Ne6 33. Rc1 Nf4 34. Qe3 Qd4 35. Qxd4 cxd4 36. Rc7 Re8 37. Nc5 Rxe5 38. Rxa7 Re3 39. b4 Nxd3 40. Nxd3 Rxd3 41. Rd7 Rxh3 42. Kg2 Ra3 43. Rxd5 Rxa2+ 44. Kf3 Rb2 45. Rxd4 Kg7 46. Kf4 h6 47. Kg3 Rb3+ 48. Kf4 g5+ 49. Ke5 f6+ 50. Ke6 Kg6 51. Re4 h5 52. gxh5+ Kxh5 53. Kxf6 g4 54. Kf5 g3 55. Re8 Rf3+ 56. Ke4 Rb3 57. Kf5 Rf3+ 58. Ke4 Rf1 59. Rg8 Kh4 60. Rh8+ Kg4 61. Kd5 Rf5+ 62. Kc6 g2 63. b5 g1Q 64. Rg8+ Rg5 65. Rxg5+ Kxg5 66. b6 Qc1+ 67. Kd7 Qb2 68. Kc7 Qc3+ 69. Kb8 Qe5+ 70. Ka8 Qa5+ 71. Kb7 Kf6 72. Kc6 Ke6 73. b7 Qd8 0-1